Europa: Geografie mit F - Statistiken

Allgemein
  • Dieses Quiz wurde 401 mal gespielt
  • Das Durchschnittsergebnis liegt bei 8 aus 14
Antwortstatistiken
Hinweis Antwort % Korrekt
In dieser Stadt befindet sich der Sitz der Europäischen Zentralbank Frankfurt
96%
Land, dessen Staatsgebiet sich auf alle Kontinente mit Ausnahme von Asien erstreckt Frankreich
95%
Flächenmäßig ist dieses Land fast so groß wie Deutschland, hat jedoch nur ca. 5,5 Mio. Einwohner Finnland
92%
Im 15. und 16. Jahrhundert war diese Stadt in der Toskana eine der reichsten der Welt Florenz
85%
Inselgruppe im Nordatlantik, die ein autonomes Gebiet Dänemarks ist Färöer
81%
Staatsform von Andorra, Liechtenstein und Monaco Fürstentum
67%
einstiger Marktplatz und Mittelpunkt Roms, heute in Ruinen {Forum} Romanum
62%
Ungarische Währung Forint
46%
bis zur Wiedervereinigung größte Insel der BRD Fehmarn
45%
Südlich von Ibiza gelegene kleine Baleareninsel Formentera
35%
zweitgrößte Stadt Vorarlbergs, die an Liechtenstein und die Schweiz grenzt Feldkirch
24%
Region im Nordosten Italiens um die Stadt Udine Friaul
23%
Große dänische Insel mit Odense als größter Stadt Fünen
21%
Region im Osten Schottlands mit vier Buchstaben und Städten wie Dunfermline und St Andrews Fife
7%
Keine übereinstimmenden Quizze gefunden
Verteilung der Resultate
Anzahl Personen mit jedem Resultat
Perzentil nach korrekt beantworteten Fragen
Ihre Resultats-Entwicklung
Sie haben dieses Quiz noch nicht gespielt